[Event "6th Uppsala Young Champions 2019"]
[Site "Uppsala"]
[Date "2019.10.28"]
[Round "6.16"]
[White "Grahn, Vidar"]
[Black "Skahlberg Bjerknes-Lima de Far, Warg"]
[Result "1-0"]
[WhiteElo "1926"]
[BlackElo "1637"]
[Annotator "NA RC"]
[PlyCount "111"]
[EventDate "2019.10.25"]
[EventType "swiss"]
[EventCountry "SWE"]
[SourceTitle "playchess.com"]
[Source "ChessBase"]
[SourceQuality "1"]
[TimeControl "5400+30"]

1. e4 {[%emt 1:30:30]} c5 {[%emt 1:30:30]} 2. Nf3 {[%emt 0:00:30]} Nc6 {[%emt 0:00:30]} 3. d4 {[%emt 0:00:30]} cxd4 {[%emt 0:00:30]} 4. Nxd4 {[%emt 0:00:30]} d6 {[%emt 0:00:30]} 5. Nc3 {[%emt 0:00:30]} g6 {[%emt 0:00:30]} 6. Be3 {[%emt 0:00:30]} Bg7 {[%emt 0:00:30]} 7. Bc4 {[%emt 0:00:30]} Nf6 {[%emt 0:00:30]} 8. f3 {[%emt 0:00:30]} Bd7 {[%emt 0:00:30]} 9. Qd2 {[%emt 0:00:30]} O-O {[%emt 0:00:30]} 10. O-O-O {[%emt 0:00:30]} a6 {[%emt 0:00:30]} 11. g4 {[%emt 0:00:30]} Rc8 {[%emt 0:00:30]} 12. Bb3 {[%emt 0:00:30]} Be8 {[%emt 0:00:30]} 13. h4 {[%emt 0:00:30]} b5 {[%emt 0:00:30]} 14. h5 {[%emt 0:00:30]} b4 {[%emt 0:00:30]} 15. Nd5 {[%emt 0:00:30]} e6 {[%emt 0:00:30]} 16. Nxf6+ {[%emt 0:00:30]} Qxf6 {[%emt 0:00:30]} 17. hxg6 {[%emt 0:00:30]} Qxg6 {[%emt 0:00:30]} 18. Rh3 {[%emt 0:00:30]} Qf6 {[%emt 0:00:30]} 19. Qh2 {[%emt 0:00:30]} h6 {[%emt 0:00:30]} 20. g5 {[%emt 0:00:30]} Qe5 {[%emt 0:00:30]} 21. gxh6 {[%emt 0:00:30]} Qxh2 {[%emt 0:00:30]} 22. Rxh2 {[%emt 0:00:30]} Bxd4 {[%emt 0:00:30]} 23. Bxd4 {[%emt 0:00:30]} Nxd4 {[%emt 0:00:30]} 24. Rxd4 {[%emt 0:00:30]} a5 {[%emt 0:00:30]} 25. a4 {[%emt 0:00:30]} Rd8 {[%emt 0:00:30]} 26. h7+ {[%emt 0:00:30]} Kh8 {[%emt 0:00:30]} 27. Rhd2 {[%emt 0:00:30]} Bc6 {[%emt 0:00:30]} 28. Rxd6 {[%emt 0:00:30]} Rxd6 {[%emt 0:00:30]} 29. Rxd6 {[%emt 0:00:30]} Rc8 {[%emt 0:00:30]} 30. Rd1 {[%emt 0:00:30]} Kxh7 {[%emt 0:00:30]} 31. Rg1 {[%emt 0:00:30]} Rg8 {[%emt 0:00:30]} 32. Rh1+ {[%emt 0:00:30]} Kg7 {[%emt 0:00:30]} 33. Kd2 {[%emt 0:00:30]} Rd8+ {[%emt 0:00:30]} 34. Ke3 {[%emt 0:00:30]} Kg6 {[%emt 0:00:30]} 35. Rc1 {[%emt 0:00:30]} Rd6 {[%emt 0:00:30]} 36. c3 {[%emt 0:00:30]} e5 {[%emt 0:00:30]} 37. cxb4 {[%emt 0:00:30]} axb4 {[%emt 0:00:30]} 38. Rc4 {[%emt 0:00:30]} Bd7 {[%emt 0:00:30]} 39. Rxb4 {[%emt 0:00:30]} Ra6 {[%emt 0:00:30]} 40. Bc2 {[%emt 0:00:30]} Rc6 {[%emt 0:00:30]} 41. Bd3 {[%emt 0:00:30]} Rc1 {[%emt 0:00:30]} 42. a5 {[%emt 0:00:30]} Ra1 {[%emt 0:00:30]} 43. a6 {[%emt 0:00:30]} Bc8 {[%emt 0:00:30]} 44. Rb8 {[%emt 0:00:30]} Be6 {[%emt 0:00:30]} 45. Rb7 {[%emt 0:00:30]} Bc8 {[%emt 0:00:30]} 46. Rc7 {[%emt 0:00:30]} Bxa6 {[%emt 0:00:30]} 47. Rc6+ {[%emt 0:00:30]} f6 {[%emt 0:00:30]} 48. Rxa6 {[%emt 0:00:30]} Rh1 {[%emt 0:00:30]} 49. b4 {[%emt 0:00:30]} Rh2 {[%emt 0:00:30]} 50. Rb6 {[%emt 0:00:30]} Rb2 {[%emt 0:00:30]} 51. b5 {[%emt 0:00:30]} Kf7 {[%emt 0:00:30]} 52. Rb8 {[%emt 0:00:30]} Ke7 {[%emt 0:00:30]} 53. Rh8 {[%emt 0:00:30]} Rb4 {[%emt 0:00:30]} 54. Kd2 {[%emt 0:00:30]} Ra4 {[%emt 0:00:30]} 55. b6 {[%emt 0:00:30]} Kd6 {[%emt 0:00:30]} 56. b7 {[%emt 0:00:30]} 1-0

[Event "6th Uppsala Young Champions 2019"]
[Site "Uppsala"]
[Date "2019.10.29"]
[Round "7.1"]
[White "Roshka, Yevgeniy"]
[Black "Storme, Isak"]
[Result "1-0"]
[WhiteElo "2369"]
[BlackElo "2244"]
[Annotator "TA"]
[PlyCount "185"]
[EventDate "2019.10.25"]
[EventType "swiss"]
[EventCountry "SWE"]
[SourceTitle "playchess.com"]
[Source "ChessBase"]
[SourceQuality "1"]

{[%evp 20,185,-6,-10,11,0,0,0,25,12,35,33,21,0,25,0,0,0,0,-18,0,0,38,0,0,0,0,-36,-36,-57,-43,-57,-36,-36,-36,-36,-12,-31,0,0,0,0,0,0,0,0,0,0,0,0,0,0,0,0,0,0,0,0,0,0,0,0,0,0,0,0,0,0,0,0,0,0,0,0,0,0,0,0,0,0,0,0,0,0,81,0,0,0,90,0,0,0,0,0,0,0,0,0,0,0,0,0,0,0,0,0,0,0,0,0,0,0,0,0,0,0,75,0,0,0,75,0,0,0,0,0,75,75,75,75,89,89,89,89,89,89,89,89,89,89,89,89,631,604,574,550,687,647,29979,29968,29969,29970,29970,29971,29969,29972,29974,29975,29975,29976,29976,29977,29977,29978,29978,29979,29979,29980]} 1. d4 d5 2. c4 e6 3. Nc3 c6 4. Nf3 Nf6 5. cxd5 exd5 6. Bg5 Be7 7. Qc2 g6 8. e3 Bf5 9. Bd3 Bxd3 10. Qxd3 O-O 11. O-O Re8 {D36: Queen's Gambit Declined: Exchange Variation: Main line (5 Bg5 c6 6 Qc2)} (11... Nbd7 12. Rab1 a5 13. h3 Re8 14. Bf4 Qb6 15. Rfc1 Qa6 16. Qc2 Bf8 17. Nd2 a4 18. Re1 Nb6 19. Be5 Nfd7 20. Bg3 Nc4 21. Nxc4 Qxc4 {½-½ (37) Iljiushenok,I (2534)-Tsydypov,Z (2546) Kazan 2019}) 12. Ne5 Nbd7 13. f4 Ne4 {aiming for ...Nxe5.The position is equal.} 14. Bxe7 Rxe7 $146 ({Predecessor:} 14... Qxe7 15. Nxe4 dxe4 16. Qb3 Rab8 17. Nxd7 Qxd7 18. Rac1 Qe6 {0-1 (39) Giehring,S-Heller,M Germany 1988}) 15. Nxe4 dxe4 16. Qb3 ({But not} 16. Qxe4 f6 $17) (16. Qc2 {is more complex.} f6 17. Nxd7 Qxd7 18. f5 g5 19. Qe2) 16... Qb6 (16... Nb6 {with more complications.} 17. f5 Nd5 18. f6 Rc7 19. Rf2 Rac8) 17. Nc4 Qxb3 18. axb3 a6 19. Ra5 Kg7 20. h3 f6 21. Rd1 b5 22. Na3 Nb6 $1 23. Nc2 Nd5 24. Rda1 Rea7 25. g4 Kf7 26. Kf2 Ke6 27. h4 h6 28. h5 g5 29. f5+ Kd6 30. Ke2 Kc7 31. R1a3 Kb7 32. Kd2 Kb6 33. b4 Kb7 34. Kc1 Rd8 35. Kb1 Raa8 36. Rb3 Kb6 37. Rba3 Re8 38. Kc1 Kb7 39. Kd1 Nb6 40. Rc3 Nd5 41. Rb3 Kb6 {White must now prevent ...Nxb4!} 42. Rba3 Re7 43. Kd2 Rd7 44. Ke2 Re7 45. Kf2 Raa7 46. Kg3 Kb7 47. Kf2 Nb6 48. Rc3 Na4 49. Rb3 Kb6 50. Ke2 Red7 51. Ke1 Rd5 (51... Kb7 $11) 52. Kd2 (52. Na3 $1 $16) 52... Kb7 53. Kc1 Ra8 (53... Nb6 $11) 54. Ra3 (54. Na1 $1 $16) 54... Nb6 $1 $11 55. b3 Rd7 56. Kd2 Nd5 57. Ra1 Kb6 58. R5a3 Rb7 59. Ra5 Rba7 60. R1a2 Rg8 61. Ra1 Rd8 62. Ke2 Kb7 63. R5a3 Raa8 64. Kd2 $1 Rd6 65. Ra5 Nc7 66. Kc3 Rad8 67. Kd2 Rd5 (67... Ra8 $11) 68. Ke2 (68. Na3 $1 $16) 68... R5d6 69. Kd2 Kb6 (69... Ra8 $11) 70. Ke2 ({White should play} 70. Na3 $1 $16) 70... Ra8 71. Na3 Rd7 72. Kd2 Kb7 {[#]} (72... Nd5 $11) 73. Nb1 $1 $16 Nd5 74. Nc3 Nxc3 75. Kxc3 {[%mdl 4096] Endgame KRR-KRR} Rd5 76. Kb2 Kb6 77. Rc1 Rc8 78. Ra3 Rc7 79. Ra2 Rc8 80. Rc5 Rxc5 $4 {[%mdl 8192]} (80... Rcd8 $16) 81. dxc5+ {KR-KR} ({Not} 81. bxc5+ Ka7 $16) 81... Kb7 82. Kc3 Rd8 83. Rd2 Rxd2 84. Kxd2 $18 {KP-KP. White mates.} a5 {[#]} 85. Kc3 $1 Ka6 86. Kd4 a4 87. Kc3 Kb7 88. Kb2 Ka6 89. Ka3 axb3 90. Kxb3 Kb7 91. Kc3 Kc7 92. Kd4 Kd7 93. Kxe4 {Accuracy: White = 79%, Black = 59%.} 1-0

[Event "6th Uppsala Young Champions 2019"]
[Site "Uppsala"]
[Date "2019.10.29"]
[Round "7.2"]
[White "Mihajlov, Sebastian"]
[Black "Pantzar, Milton"]
[Result "0-1"]
[WhiteElo "2387"]
[BlackElo "2376"]
[Annotator "TA"]
[PlyCount "54"]
[EventDate "2019.10.25"]
[EventType "swiss"]
[EventCountry "SWE"]
[SourceTitle "playchess.com"]
[Source "ChessBase"]
[SourceQuality "1"]

{[%evp 16,56,-6,-5,0,0,4,-16,-8,-58,-66,-90,-65,-104,-26,-46,0,0,0,-20,6,-85,-66,-158,-97,-192,-92,-83,-110,-103,-96,-598,-587,-702,-677,-1151,-1116,-1345,-1250,-1310,-831,-1220,-821]} 1. d4 d5 2. c4 e6 3. Nc3 c6 4. e3 Nf6 5. Nf3 Nbd7 6. Qc2 Bd6 7. Bd2 O-O 8. O-O-O Qe7 9. Kb1 c5 {D45: Semi-Slav: 5 e3} (9... b6 10. e4 Nxe4 11. Nxe4 dxe4 12. Qxe4 Bb7 13. Bg5 Qe8 14. Re1 Bb4 15. Bd3 g6 16. Re3 Qc8 17. Bh6 {1-0 (56) Ward,C (2498)-Shulman,Y (2591) Port Erin 2002}) 10. cxd5 exd5 11. h3 $146 ({Predecessor:} 11. Nb5 c4 12. Nxd6 Qxd6 13. Ng5 h6 14. Nh3 b5 15. f3 Re8 16. g4 b4 17. g5 hxg5 18. Nxg5 {0-1 (37) Parada,N (2082)-Borrero,A (1783) Cali 2017}) 11... b6 {The position is equal.} 12. Ng5 Bb7 13. f4 Rac8 14. g4 cxd4 (14... h6 $17 15. Nf3 Ne4) 15. exd4 $11 Ne4 16. Ngxe4 $1 dxe4 17. Bg2 $1 {[%cal Rg2e4]} Nf6 18. Rde1 (18. Rhe1 $11) 18... Rfe8 19. Qb3 (19. Qa4 $15) 19... Qd7 (19... Qc7 $142 $1 {White must now prevent ...e3.} 20. Nb5 Qd7 21. Nxd6 Qxd6) 20. Bc1 (20. d5 $17 {keeps fighting.}) 20... e3 (20... a5 $1 $19 {has better winning chances.} 21. a3 b5 $1 {[%mdl 512]}) 21. Bxb7 $17 Qxb7 22. Rhf1 {[#]} Qg2 $1 $36 {[%mdl 2048] Black has strong initiative.} 23. Nb5 $2 {[%mdl 8192]} (23. Qb5 $17) 23... e2 $19 {Black is clearly winning.} 24. Rf3 {[#]} Bb4 $1 {[%mdl 576] Deflection} 25. Qxb4 {Hoping for Qb3.} Qxf3 26. Nd6 Qd3+ 27. Ka1 {[#]} Nd5 {Played: Rc8xc1} 0-1

[Event "6th Uppsala Young Champions 2019"]
[Site "Uppsala"]
[Date "2019.10.29"]
[Round "7.3"]
[White "Abdrlauf, Elham"]
[Black "Thorhallsson, Simon"]
[Result "0-1"]
[WhiteElo "2213"]
[BlackElo "2190"]
[Annotator "ChessBase"]
[PlyCount "118"]
[EventDate "2019.10.25"]
[EventType "swiss"]
[EventCountry "SWE"]
[SourceTitle "playchess.com"]
[Source "ChessBase"]
[SourceQuality "1"]
[TimeControl "5400+30"]

1. e4 {[%emt 0:01:59]} e6 {[%emt 0:00:00]} 2. c4 {[%emt 0:01:06]} d5 {[%emt 0:06:19]} 3. exd5 {[%emt 0:00:09]} exd5 {[%emt 0:00:05]} 4. d4 {[%emt 0:00:01]} Bb4+ {[%emt 0:00:28]} 5. Nc3 {[%emt 0:00:51]} Nf6 {[%emt 0:01:09]} 6. Bd3 {[%emt 0:04:02]} O-O {[%emt 0:00:20]} 7. Nge2 {[%emt 0:00:08]} dxc4 {[%emt 0:05:06]} 8. Bxc4 {[%emt 0:00:17]} h6 {[%emt 0:01:09]} 9. O-O {[%emt 0:00:18]} Nc6 {[%emt 0:01:58]} 10. Bf4 {[%emt 0:04:19]} Bd6 {[%emt 0:07:27]} 11. d5 {[%emt 0:05:39]} Bxf4 {[%emt 0:07:49]} 12. Nxf4 {[%emt 0:00:12]} Ne7 {[%emt 0:02:27]} 13. Qb3 {[%emt 0:06:28]} Qd6 {[%emt 0:03:09]} 14. g3 {[%emt 0:05:35]} a6 {[%emt 0:01:44]} 15. a4 {[%emt 0:00:29]} Bg4 {[%emt 0:07:21]} 16. Rfe1 {[%emt 0:03:00]} Nf5 {[%emt 0:03:27]} 17. Ne4 {[%emt 0:05:00]} Nxe4 {[%emt 0:03:55]} 18. Rxe4 {[%emt 0:00:02]} Qf6 {[%emt 0:07:48]} 19. h3 {[%emt 0:19:35]} Nd6 {[%emt 0:02:14]} 20. Re3 {[%emt 0:00:04]} Bd7 {[%emt 0:01:46]} 21. Bf1 {[%emt 0:00:25]} Rae8 {[%emt 0:00:57]} 22. Rxe8 {[%emt 0:01:57]} Rxe8 {[%emt 0:01:49]} 23. Rc1 {[%emt 0:00:16]} Rc8 {[%emt 0:01:36]} 24. Bg2 {[%emt 0:03:38]} Qd4 {[%emt 0:01:06]} 25. a5 {[%emt 0:02:25]} Qd2 {[%emt 0:01:06]} 26. Qc3 {[%emt 0:04:39]} Qxc3 {[%emt 0:00:49]} 27. Rxc3 {[%emt 0:00:09]} Nb5 {[%emt 0:00:38]} 28. Rc1 {[%emt 0:00:02]} Kf8 {[%emt 0:02:49]} 29. Nd3 {[%emt 0:04:37]} Nd4 {[%emt 0:01:11]} 30. Rc4 {[%emt 0:00:06]} Ne2+ {[%emt 0:01:13]} 31. Kf1 {[%emt 0:01:39]} Bb5 {[%emt 0:00:04]} 32. b3 {[%emt 0:01:01]} Bxc4 {[%emt 0:00:25]} 33. bxc4 {[%emt 0:00:01]} Nd4 {[%emt 0:00:31]} 34. Nc5 {[%emt 0:00:10]} Ke7 {[%emt 0:02:54]} 35. Nxb7 {[%emt 0:00:18]} c6 {[%emt 0:02:17]} 36. Ke1 {[%emt 0:12:22]} cxd5 {[%emt 0:00:39]} 37. Bxd5 {[%emt 0:03:44]} Nb3 {[%emt 0:01:11]} 38. Ke2 {[%emt 0:02:01]} Nc5 {[%emt 0:00:10]} 39. Ke3 {[%emt 0:00:32]} Rc7 {[%emt 0:00:30]} 40. Nxc5 {[%emt 0:00:18]} Rxc5 {[%emt 0:00:05]} 41. Kd4 {[%emt 0:00:02]} Rxa5 {[%emt 0:00:12]} 42. c5 {[%emt 0:00:09]} Ra1 {[%emt 0:00:29]} 43. Bc4 {[%emt 0:00:31]} a5 {[%emt 0:01:30]} 44. Bb5 {[%emt 0:01:36]} a4 {[%emt 0:02:55]} 45. Kc3 {[%emt 0:00:09]} a3 {[%emt 0:00:24]} 46. Ba4 {[%emt 0:00:16]} Rf1 {[%emt 0:01:40]} 47. Kb3 {[%emt 0:00:11]} Rxf2 {[%emt 0:00:12]} 48. Kxa3 {[%emt 0:00:17]} Rf3+ {[%emt 0:00:14]} 49. Kb4 {[%emt 0:00:01]} Kd8 {[%emt 0:00:49]} 50. Kb5 {[%emt 0:00:18]} Kc7 {[%emt 0:00:09]} 51. Bd1 {[%emt 0:01:14]} Rxg3 {[%emt 0:00:16]} 52. Bg4 {[%emt 0:00:02]} g6 {[%emt 0:00:17]} 53. Bd1 {[%emt 0:00:33]} Rxh3 {[%emt 0:00:13]} 54. c6 {[%emt 0:00:11]} f5 {[%emt 0:00:20]} 55. Kc5 {[%emt 0:00:07]} Rc3+ {[%emt 0:00:16]} 56. Kd5 {[%emt 0:00:03]} Rd3+ {[%emt 0:00:21]} 57. Ke5 {[%emt 0:00:09]} Rxd1 {[%emt 0:00:15]} 58. Kf6 {[%emt 0:00:07]} f4 {[%emt 0:00:19]} 59. Kg7 {[%emt 0:00:04]} f3 {[%emt 0:20:58]} 0-1

[Event "6th Uppsala Young Champions 2019"]
[Site "Uppsala"]
[Date "2019.10.29"]
[Round "7.4"]
[White "Berglind, Axel"]
[Black "Sorensen, Hampus"]
[Result "0-1"]
[WhiteElo "2062"]
[BlackElo "2330"]
[Annotator "RC"]
[PlyCount "94"]
[EventDate "2019.10.25"]
[EventType "swiss"]
[EventCountry "SWE"]
[SourceTitle "playchess.com"]
[Source "ChessBase"]
[SourceQuality "1"]
[TimeControl "5400+30"]

1. d4 {[%emt 0:00:00]} d5 {[%emt 0:00:04]} 2. Nf3 {[%emt 0:00:00]} Nf6 {[%emt 0:00:57]} 3. g3 {[%emt 0:00:01]} c6 {[%emt 0:01:22]} 4. Bg2 {[%emt 0:00:11]} Bf5 {[%emt 0:01:04]} 5. O-O {[%emt 0:00:14]} e6 {[%emt 0:01:13]} 6. c4 {[%emt 0:00:12]} Nbd7 {[%emt 0:00:55]} 7. b3 {[%emt 0:00:47]} Be7 {[%emt 0:02:51]} 8. e3 {[%emt 0:00:07]} h6 {[%emt 0:03:21]} 9. Bb2 {[%emt 0:01:21]} O-O {[%emt 0:00:44]} 10. Qe2 {[%emt 0:00:21]} a5 {[%emt 0:04:09]} 11. Nc3 {[%emt 0:04:43]} Qb6 {[%emt 0:04:27]} 12. Nh4 {[%emt 0:09:42]} Bh7 {[%emt 0:01:06]} 13. f4 {[%emt 0:01:31]} Rad8 {[%emt 0:07:43]} 14. Rad1 {[%emt 0:08:25]} Qa6 {[%emt 0:02:57]} 15. f5 {[%emt 0:15:18]} Rfe8 {[%emt 0:09:03]} 16. fxe6 {[%emt 0:06:28]} fxe6 {[%emt 0:00:02]} 17. e4 {[%emt 0:00:33]} dxc4 {[%emt 0:05:19]} 18. bxc4 {[%emt 0:15:44]} e5 {[%emt 0:00:19]} 19. d5 {[%emt 0:00:24]} Nb6 {[%emt 0:03:53]} 20. Nf5 {[%emt 0:18:03]} Bxf5 {[%emt 0:08:24]} 21. Rxf5 {[%emt 0:00:10]} Qxc4 {[%emt 0:01:15]} 22. Kh1 {[%emt 0:01:02]} Qxe2 {[%emt 0:03:13]} 23. Nxe2 {[%emt 0:00:05]} Nc4 {[%emt 0:01:14]} 24. Bc1 {[%emt 0:00:46]} Nd6 {[%emt 0:00:36]} 25. Rff1 {[%emt 0:06:45]} Ndxe4 {[%emt 0:00:50]} 26. Bb2 {[%emt 0:00:31]} Bc5 {[%emt 0:01:29]} 27. Nc3 {[%emt 0:00:32]} Nf2+ {[%emt 0:01:18]} 28. Rxf2 {[%emt 0:00:05]} Bxf2 {[%emt 0:00:02]} 29. dxc6 {[%emt 0:00:07]} bxc6 {[%emt 0:00:46]} 30. Bxc6 {[%emt 0:00:05]} Rxd1+ {[%emt 0:01:17]} 31. Nxd1 {[%emt 0:00:05]} Rc8 {[%emt 0:00:16]} 32. Bb7 {[%emt 0:00:12]} Rb8 {[%emt 0:03:48]} 33. Bxe5 {[%emt 0:00:05]} Rxb7 {[%emt 0:00:07]} 34. Nxf2 {[%emt 0:00:04]} Nd5 {[%emt 0:00:22]} 35. Kg2 {[%emt 0:00:16]} Nb4 {[%emt 0:01:00]} 36. a3 {[%emt 0:00:07]} Nc2 {[%emt 0:00:31]} 37. Bd6 {[%emt 0:00:06]} Ne3+ {[%emt 0:01:10]} 38. Kf3 {[%emt 0:00:23]} Nc4 {[%emt 0:00:13]} 39. Bc5 {[%emt 0:00:21]} Nxa3 {[%emt 0:00:38]} 40. Ke3 {[%emt 0:00:29]} Nb5 {[%emt 0:02:51]} 41. Kd3 {[%emt 0:00:07]} Nc7 {[%emt 0:00:15]} 42. Kc4 {[%emt 0:00:15]} Ne6 {[%emt 0:00:12]} 43. Ba3 {[%emt 0:00:24]} Rc7+ {[%emt 0:02:03]} 44. Kb5 {[%emt 0:00:36]} Rc2 {[%emt 0:00:13]} 45. Ne4 {[%emt 0:00:04]} Rxh2 {[%emt 0:00:23]} 46. Kxa5 {[%emt 0:00:05]} Re2 {[%emt 0:00:22]} 47. Nd6 {[%emt 0:00:08]} Re3 {[%emt 0:00:16]} 0-1

[Event "6th Uppsala Young Champions 2019"]
[Site "Uppsala"]
[Date "2019.10.29"]
[Round "7.5"]
[White "Papunidi, Matvey"]
[Black "Crevatin, Leo"]
[Result "1/2-1/2"]
[WhiteElo "2083"]
[BlackElo "2221"]
[Annotator "ChessBase"]
[PlyCount "61"]
[EventDate "2019.10.25"]
[EventType "swiss"]
[EventCountry "SWE"]
[SourceTitle "playchess.com"]
[Source "ChessBase"]
[SourceQuality "1"]
[TimeControl "5400+30"]

1. c4 {[%emt 1:30:30]} c6 {[%emt 1:30:30]} 2. Nc3 {[%emt 0:00:30]} d5 {[%emt 0:00:30]} 3. e3 {[%emt 0:00:30]} Nf6 {[%emt 0:00:30]} 4. Nf3 {[%emt 0:00:30]} e6 {[%emt 0:00:30]} 5. b3 {[%emt 0:00:30]} Bd6 {[%emt 0:00:30]} 6. Bb2 {[%emt 0:00:30]} O-O {[%emt 0:00:30]} 7. Be2 {[%emt 0:00:30]} e5 {[%emt 0:00:30]} 8. cxd5 {[%emt 0:00:30]} cxd5 {[%emt 0:00:30]} 9. Nb5 {[%emt 0:00:30]} e4 {[%emt 0:00:30]} 10. Nfd4 {[%emt 0:00:30]} Be7 {[%emt 0:00:30]} 11. Rc1 {[%emt 0:00:30]} a6 {[%emt 0:00:30]} 12. Nc3 {[%emt 0:00:30]} Nbd7 {[%emt 0:00:30]} 13. Nf5 {[%emt 0:00:30]} Bb4 {[%emt 0:00:30]} 14. g4 {[%emt 0:00:30]} Ne5 {[%emt 0:00:30]} 15. a3 {[%emt 0:00:30]} Ba5 {[%emt 0:00:30]} 16. Nxd5 {[%emt 0:00:30]} Bxf5 {[%emt 0:00:30]} 17. Nxf6+ {[%emt 0:00:30]} Qxf6 {[%emt 0:00:30]} 18. gxf5 {[%emt 0:00:30]} Qxf5 {[%emt 0:00:30]} 19. Bxe5 {[%emt 0:00:30]} Qxe5 {[%emt 0:00:30]} 20. b4 {[%emt 0:00:30]} Bb6 {[%emt 0:00:30]} 21. d4 {[%emt 0:00:30]} exd3 {[%emt 0:00:30]} 22. Qxd3 {[%emt 0:00:30]} Rfd8 {[%emt 0:00:30]} 23. Qc3 {[%emt 0:00:30]} Qxc3+ {[%emt 0:00:30]} 24. Rxc3 {[%emt 0:00:30]} a5 {[%emt 0:00:30]} 25. O-O {[%emt 0:00:30]} axb4 {[%emt 0:00:30]} 26. axb4 {[%emt 0:00:30]} Ra4 {[%emt 0:00:30]} 27. Rd1 {[%emt 0:00:30]} Kf8 {[%emt 0:00:30]} 28. Rxd8+ Bxd8 29. b5 {[%emt 0:01:00]} Ba5 {[%emt 0:01:00]} 30. Rc8+ {[%emt 0:00:30]} Ke7 {[%emt 0:00:30]} 31. Kg2 {[%emt 0:00:30]} 1/2-1/2

[Event "6th Uppsala Young Champions 2019"]
[Site "Uppsala"]
[Date "2019.10.29"]
[Round "7.6"]
[White "Palozza, Christian"]
[Black "Fjallheim, Leif Reinert"]
[Result "1-0"]
[WhiteElo "2187"]
[BlackElo "1985"]
[Annotator "ChessBase"]
[PlyCount "127"]
[EventDate "2019.10.25"]
[EventType "swiss"]
[EventCountry "SWE"]
[SourceTitle "playchess.com"]
[Source "ChessBase"]
[SourceQuality "1"]
[TimeControl "5400+30"]

1. d4 {[%emt 0:00:00]} Nf6 {[%emt 0:00:00]} 2. c4 {[%emt 0:00:00]} g6 {[%emt 0:00:00]} 3. Nf3 {[%emt 0:00:00]} Bg7 {[%emt 0:00:41]} 4. g3 {[%emt 0:00:00]} d6 {[%emt 0:00:32]} 5. Bg2 {[%emt 0:00:00]} O-O {[%emt 0:00:38]} 6. Nc3 {[%emt 0:00:04]} Nc6 {[%emt 0:01:36]} 7. O-O {[%emt 0:00:15]} Bg4 {[%emt 0:00:35]} 8. h3 {[%emt 0:02:03]} Bxf3 {[%emt 0:00:30]} 9. Bxf3 {[%emt 0:00:50]} Nd7 {[%emt 0:01:07]} 10. e3 {[%emt 0:11:41]} Rb8 {[%emt 0:04:40]} 11. Rb1 {[%emt 0:12:39]} e5 {[%emt 0:07:07]} 12. d5 {[%emt 0:00:36]} Ne7 {[%emt 0:00:11]} 13. Be2 {[%emt 0:05:33]} f5 {[%emt 0:02:03]} 14. f4 {[%emt 0:00:47]} exf4 {[%emt 0:02:26]} 15. exf4 {[%emt 0:01:33]} Bxc3 {[%emt 0:12:59]} 16. bxc3 {[%emt 0:00:01]} b6 {[%emt 0:00:15]} 17. Be3 {[%emt 0:04:49]} Rf7 {[%emt 0:06:00]} 18. Bd4 {[%emt 0:01:13]} Nc5 {[%emt 0:03:03]} 19. g4 {[%emt 0:04:45]} Qd7 {[%emt 0:01:37]} 20. g5 {[%emt 0:04:12]} Re8 {[%emt 0:01:10]} 21. h4 {[%emt 0:02:55]} Ne4 {[%emt 0:07:05]} 22. Qd3 {[%emt 0:13:52]} Qa4 {[%emt 0:10:29]} 23. Rb2 {[%emt 0:03:18]} c6 {[%emt 0:10:00]} 24. h5 {[%emt 0:06:14]} c5 {[%emt 0:08:00]} 25. Be3 {[%emt 0:00:27]} Ng3 {[%emt 0:01:20]} 26. Bd1 {[%emt 0:04:50]} Qa3 {[%emt 0:03:01]} 27. Rb3 {[%emt 0:01:14]} Qa6 {[%emt 0:01:33]} 28. hxg6 {[%emt 0:04:50]} Nxg6 {[%emt 0:01:57]} 29. Rf3 {[%emt 0:00:33]} Ne4 {[%emt 0:00:51]} 30. Rb2 {[%emt 0:00:55]} Qa3 {[%emt 0:01:12]} 31. Rc2 {[%emt 0:00:35]} Kf8 {[%emt 0:03:46]} 32. Bc1 {[%emt 0:00:47]} Qa6 {[%emt 0:00:31]} 33. Rh3 {[%emt 0:01:41]} Ree7 {[%emt 0:04:17]} 34. Rch2 {[%emt 0:00:58]} Rg7 {[%emt 0:02:13]} 35. Kf1 {[%emt 0:01:08]} Ke8 {[%emt 0:00:46]} 36. Bh5 {[%emt 0:01:05]} Kf8 {[%emt 0:01:01]} 37. Bf3 {[%emt 0:01:06]} Qc8 {[%emt 0:00:30]} 38. Rh6 {[%emt 0:01:57]} Qe8 {[%emt 0:00:29]} 39. Kg2 {[%emt 0:00:25]} Qa4 {[%emt 0:01:09]} 40. Kh3 {[%emt 0:01:42]} Qd7 {[%emt 0:00:25]} 41. Re2 {[%emt 0:01:53]} Qe8 {[%emt 0:00:47]} 42. Kg2 {[%emt 0:00:09]} Kg8 {[%emt 0:00:56]} 43. Rh1 {[%emt 0:00:46]} Kf8 {[%emt 0:00:40]} 44. Kh3 {[%emt 0:00:43]} Kg8 {[%emt 0:01:03]} 45. Kg2 {[%emt 0:00:52]} Kf8 {[%emt 0:00:14]} 46. Rh2 {[%emt 0:00:39]} Kg8 {[%emt 0:00:40]} 47. Rh6 {[%emt 0:02:16]} Kf8 {[%emt 0:00:13]} 48. Bh5 {[%emt 0:00:59]} Qd7 {[%emt 0:00:34]} 49. Qh3 {[%emt 0:00:25]} Qe8 {[%emt 0:00:45]} 50. Qxf5+ {[%emt 0:01:26]} Rgf7 {[%emt 0:00:37]} 51. Bxg6 {[%emt 0:01:03]} Rxf5 {[%emt 0:00:29]} 52. Bxe8 {[%emt 0:00:01]} Kxe8 {[%emt 0:00:12]} 53. Rh1 {[%emt 0:01:18]} Rff7 {[%emt 0:00:48]} 54. Rh3 {[%emt 0:01:29]} Kd7 {[%emt 0:00:45]} 55. Rf3 {[%emt 0:00:37]} a6 {[%emt 0:00:22]} 56. f5 {[%emt 0:00:34]} Re5 {[%emt 0:00:07]} 57. Bf4 {[%emt 0:00:37]} Nxg5 {[%emt 0:00:36]} 58. Bxe5 {[%emt 0:01:08]} Nxf3 {[%emt 0:00:06]} 59. Kxf3 {[%emt 0:00:15]} dxe5 {[%emt 0:00:23]} 60. Ke4 {[%emt 0:00:05]} Kd6 {[%emt 0:00:18]} 61. Rh2 {[%emt 0:00:15]} Re7 {[%emt 0:01:37]} 62. Rh6+ {[%emt 0:00:05]} Kd7 {[%emt 0:00:04]} 63. Rxb6 {[%emt 0:00:07]} a5 {[%emt 0:00:52]} 64. Rb7+ {[%emt 0:00:10]} 1-0